000 01194cam a2200157 4500500
005 20260322010206.0
041 _afre
042 _adc
100 1 0 _aMalamoud, Charles
_eauthor
245 0 0 _aA l’articulation de la nature et de la culture : le rite
260 _c1985.
500 _a51
520 _aL’article porte sur un dispositif de formation continue d’enseignants de cycle 3 à l’enseignement de l’orthographe. La formation propose trois situations pour la classe à même de favoriser le transfert progressif des connaissances grammaticales des élèves vers la production écrite, en privilégiant l’observation linguistique, la verbalisation métagraphique et le raisonnement grammatical : les corpus d’apprentissage, la phrase dictée ciblée, la production d’écrits courts. En formation, les enseignants vivent les situations proposées aux élèves et sont amenés à questionner les notions linguistiques, les compétences en jeu et les gestes professionnels efficaces.
786 0 _nLe Genre humain | 12 | 1 | 1985-03-21 | p. 233-246 | 0293-0277
856 4 1 _uhttps://shs.cairn.info/revue-le-genre-humain-1985-1-page-233?lang=fr&redirect-ssocas=7080
999 _c1754662
_d1754662